Romancero tico /
Tallennettuna:
| Päätekijä: | |
|---|---|
| Aineistotyyppi: | Kirja |
| Kieli: | Spanish |
| Julkaistu: |
San José, Costa Rica :
Editorial Fernández-Arce,
1992.
|
| Sarja: | Clásicos costarricenses
1 |
| Aiheet: | |
| Tagit: |
Lisää tagi
Ei tageja, Lisää ensimmäinen tagi!
|
MARC
| LEADER | 00000cam a2200000 a 4500 | ||
|---|---|---|---|
| 001 | 2831158 | ||
| 005 | 20170512090104.0 | ||
| 008 | 830621s1982 cr 000 0 spa | ||
| 020 | |a 9977240876 | ||
| 040 | |a DLC |c DLC |d DLC |d MH |d CRU CIICLA | ||
| 082 | |a CR861.4 |b A282r 1992 | ||
| 100 | 2 | |a Agüero Chaves, Arturo |d 1907-2001 | |
| 245 | 1 | 0 | |a Romancero tico / |c Arturo Agüero Chaves ; ilustraciones Alejandra Brenes Villavicencio, prólogo por Jézer González Picado |
| 260 | |a San José, Costa Rica : |b Editorial Fernández-Arce, |c 1992. | ||
| 300 | |a 184 páginas | ||
| 490 | 1 | |a Clásicos costarricenses |v 1 | |
| 650 | 7 | |9 76 |a LITERATURA COSTARRICENSE |v POESIA | |
| 942 | |2 ddc |c BK | ||
| 999 | |c 4148 |d 4148 | ||



